Name the Artist by the Song (Kpop) - Statistics

General Stats
  • This quiz has been taken 1,093 times
  • The average score is 15 of 28
Answer Stats
Song Title Artist % Correct
Spring Day BTS
96%
Ice Cream Cake Red Velvet
95%
Whistle Black Pink
90%
Up & Down Exid
86%
Electric Shock F(x)
81%
Mr.Mr. Girls Generation
81%
If You Do Got7
78%
Touch My Body Sistar
78%
Come Back Home 2ne1
75%
History Exo
65%
We Like To Party Big Bang
63%
Hate 4Minute
59%
Sexy, Free & Single Super Junior
59%
Hello SHINee
50%
Hide & Seek Astro
48%
Face Nu'est
47%
Roll Deep Hyuna
46%
Step KARA
46%
I Wait Day6
40%
Number 9 T-Ara
37%
Skydive B.A.P.
32%
Love Song Miss A
28%
I Need a Girl Taeyang ft. G-Dragon
28%
Solo Day B1a4
24%
Twinkle TTS
24%
Holup Bobby
16%
I Got Love Taeyeon
16%
Watch Out HotShot
5%
No matching quizzes found
Score Distribution
Percent of People with Each Score
Percentile by Number Answered
Your Score History
You have not taken this quiz